Nabíja mi batérie

Podrobná bibliografia
Hlavný autor: Potančok, Vladimír (Autor, Tazateľ)
Ďalší autori: Kušnierik, Juraj, 1964-2015 (Tazateľ)
Médium: Článok
Jazyk:slovenčina
Fyzický popis:Fotogr.
ISSN:1336-5932
Predmet:

MARC

LEADER 00000nab a2200000 a 4500
001 vtls009085357
003 SK-MaSNL
005 20260303064453.0
008 140515c2007 xo wr|p|||||||000 b|slo
015 |a SNBRB2007/08  |2 snkbucl 
040 |a SNKBUCL  |b slo  |c SNKBUCL  |e AACR2 
041 0 |a slo 
044 |a xo  |c SK 
080 |a 78.071.1  |2 2001 
080 |a 78.071.20:784.66  |2 2001 
080 |a 784.66  |2 2001 
100 1 |a Potančok, Vladimír  |4 ivr  |4 aut  |9 559169 
245 1 0 |a Nabíja mi batérie  |c Vladimír Potančok, Juraj Kušnierik, Gustavo Santaolalla 
300 |b Fotogr. 
600 1 7 |a Santaolalla, Gustavo,  |d 1952-  |2 snkbucl  |9 1063159 
610 2 7 |a Bajafondo (hudobná skupina)  |2 snkbucl  |9 1063160 
700 1 |a Kušnierik, Juraj,  |d 1964-2015  |4 ivr  |9 161027 
700 1 |a Santaolalla, Gustavo,  |d 1952-  |4 ive  |9 1063159 
773 0 |t Týždeň  |g Mimoriadne vydanie / Bažant Pohoda (2007), s. 16-18  |x 1336-5932 
852 |a SNK  |b KIS3GCP 
958 |a AR 
999 |c 1747288  |d 1749218